| 000 | 00363nam a2200145Ia 4500 | ||
|---|---|---|---|
| 008 | 230917s9999||||xx |||||||||||||| ||und|| | ||
| 040 |
_e48911 _aMAIN |
||
| 041 | _aEnglish | ||
| 082 | _a823.7 D555J:C | ||
| 100 | _aJohnson, Edgar | ||
| 245 | 0 | _aCharles Dickens: His tragedy and triumph | |
| 260 |
_aLondon _bAllen Lane _c1977 |
||
| 300 | _a601 p. | ||
| 942 | _cBK | ||
| 999 |
_c193823 _d193823 |
||